| 000 -CABECERA |
| Longitud fija campo de control |
00615nam a2200193 a 4500 |
| 001 - NÚMERO DE CONTROL |
| Número de control |
3498 |
| 003 - IDENTIFICADOR DEL NÚMERO DE CONTROL |
| Identificador del número de control |
CDMR |
| 005 - FECHA Y HORA DE LA ÚLTIMA TRANSACCIÓN |
| Fecha y hora de la última transacción |
20130715112546.0 |
| 008 - CÓDIGOS DE INFORMACIÓN DE LONGITUD FIJA |
| Códigos de información de longitud fija |
130130s19801982||||||||||||||||||||||||d |
| 040 ## - FUENTE DE LA CATALOGACIÓN |
| Centro catalogador de origen |
CDMR |
| Lengua de catalogación |
cat |
| Centro transcriptor |
CDMR |
| 100 1# - PUNTO DE ACCESO PRINCIPAL-NOMBRE DE PERSONA |
| Nombre de persona |
Virgili i Sanromà, Josep-Pau |
| 9 (RLIN) |
2511 |
| 245 10 - MENCIÓN DE TÍTULO |
| Título |
Tarragona i la seva premsa |
| Mención de responsabilidad, etc. |
Josep - P. Virgili i Sanromà |
| 260 ## - PUBLICACIÓN, DISTRIBUCIÓN, ETC. (PIE DE IMPRENTA) |
| Lugar de publicación, distribución, etc. |
Tarragona |
| Fecha de publicación, distribución, etc. |
1980-1982 |
| Nombre del editor, distribuidor, etc. |
Hemeroteca de la Caixa d'Estalvis Provincial |
| 300 ## - DESCRIPCIÓN FÍSICA |
| Extensión |
2 v. |
| Dimensiones |
24 cm |
| 490 0# - MENCIÓN DE SERIE |
| Mención de serie |
Història |
| Designación de volumen o secuencia |
1 |
| -- |
2 |
| 505 ## - NOTA DE CONTENIDO CON FORMATO |
| Nota de contenido con formato |
Conté: 1.- 1900-1936 ; 2.- 1936-1982 |
| 650 04 - PUNTO DE ACCESO ADICIONAL DE MATERIA - TÉRMINO DE MATERIA |
| 9 (RLIN) |
2512 |
| Término de materia o nombre geográfico como elemento inicial |
Periodisme |
| Subdivisión de materia general |
Història |
| Subdivisión cronológica |
1936-1982 |
| Subdivisión geográfica |
Tarragona |
| 942 ## - ENTRADA DE ELEMENTOS AGREGADOS (KOHA) |
| Koha [por defecto] tipo de item |
Monografies |
| Fuente de clasificaión o esquema |
|